zpět

Detail výsledku týmu

Pod Jasanem, Rokycany

Datum a čas kvízu

30 Celkem bodů Celkový počet nahraných bodů na tomto kvízu bez doplňovacích otázek.
6. Pořadí na kvízu Konečné umístění týmu na tomto kvízu.

Zaznamenané odpovědi

# Otázka Odpověď Body Výsledky
1. Jeden muž si chtěl ulehčit par... přemaloval čáry na vozovce 1
2. V pondělí padla vláda jedné ev... Francie 0
3. Jak se nazývá snímek, který zí... Oppenheimer 1
4. Roční míra inflace v jisté zem... Argentina 0
5. K nepříjemné situaci došlo v p... Jakub Kovář 1
6. Některá slova mají různé grama... (o) hrabatech 1
7. Přiřaďte ke každému slovu jeho... 1B 2D 3A 4C 1
8. Dva gramatické rody můžeme při... káně 1
9. V minulé otázce jsme se ptali... zombie 1
10. Začátkem roku 2023 byla Ústave... hranolka, hranolek 0